Diseño de un sistema de captación y aprovechamiento de agua pluvial en el relleno sanitario de Río Azul como alternativa en usos operacionales del relleno

Uloženo v:
Podrobná bibliografie
Hlavní autor: Amador Zamora, Eduardo
Médium: Kniha
Jazyk:Spanish
Vydáno: [San José], Costa Rica 2012
Témata:
Tagy: Přidat tag
Žádné tagy, Buďte první, kdo vytvoří štítek k tomuto záznamu!

MARC

LEADER 00000nam a22000007a 4500
003 011637
005 20221231143918.0
008 151013b2012 cr a|||| |||| 00| 0 spa d
040 |c cru CEDI 
090 |a TFG 6807 
100 |9 1461  |a Amador Zamora, Eduardo 
245 |a  Diseño de un sistema de captación y aprovechamiento de agua pluvial en el relleno sanitario de Río Azul como alternativa en usos operacionales del relleno 
260 |a [San José], Costa Rica  |c 2012 
500 |a Proyecto de graduación (licenciatura en ingeniería civil)--Universidad de Costa Rica. Facultad de Ingeniería. Escuela de Ingeniería Civil 
650 |x  CANALES DE RIEGO - DISEÑO Y CONSTRUCCION - COSTA RICA  |x RELLENO SANITARIO RIO AZUL (LA UNION, CARTAGO, COSTA RICA)  |x AGUAS PLUVIALES  |x CONSERVACION DEL AGUA   |x RIEGO - COSTA RICA  |9 1462 
942 |c TFG 
999 |c 14136  |d 14136